Statistiques concernant Sports par définition

Cliquez ici pour prendre le quiz!

Statistiques générales

  • Ce quiz a été pris 291 fois
  • Le résultat moyen est 9 sur 15

Statistiques - réponses

GenreDéfinitionSport% Correct
Nom MasculinPratiqué sur un court, et qui consiste à se renvoyer, dans les limites de ce court, un volant par-dessus un filet à l'aide de raquettes.Badminton
97%
Nom FémininSport opposant deux adversaires au fleuret, à l'épée ou au sabre.Escrime
94%
Nom MasculinSport d'hiver qui consiste à faire glisser sur la glace un lourd palet de pierre polie.Curling
88%
Nom MasculinSport d'extérieur où des adversaires s'affrontent à l'aide de pistolets (appelés lanceurs) projetant des billes de peinture.Paintball
84%
Nom MasculinPratiqué avec 10 quilles de 38 cm de hauteur, disposées en triangle au bout d'une piste de 25,50 m de long, et qu'il faut renverser avec deux boules de 18 à 32 cm de diamètre.Bowling
81%
Nom MasculinPratiqué à cheval par deux équipes de 4 joueurs et qui consiste à pousser une balle avec un maillet vers un but.Polo
79%
Nom MasculinDiscipline spirituelle et corporelle qui vise à libérer l'esprit des contraintes du corps par la maîtrise de son mouvement, de son rythme et du souffle.Yoga
74%
Nom MasculinPratiqué sur un traîneau sur lequel peuvent prendre place plusieurs personnes (2 ou 4) pour effectuer des glissades sur des pistes glacées, naturelles ou artificielles.Bobsleigh
66%
Nom MasculinPratiqué avec une planche à voile mue par un cerf-volant.Kitesurf
56%
Nom MasculinDiscipline de l'aérobic se pratiquant avec une sorte de cube antidérapant à hauteur réglable, utilisé comme une marche d'escalier.Step
52%
Nom FémininArt martial du Brésil se pratiquant avec un accompagnement musical. À la fois lutte et danse, rituel et jeu.Capoeira
44%
Nom FémininPratiqué surtout au Canada, opposant deux équipes de dix ou douze joueurs et consistant à expédier dans les buts adverses une balle de caoutchouc à l'aide d'une crosse.Crosse
39%
Nom MasculinArt martial d'origine japonaise, dans lequel les combattants, protégés par un casque et un plastron rigide, luttent avec un sabre de bambou.Kendo
30%
Nom MasculinSport d'adresse consistant à manier un bâton sur un fond musical en effectuant des mouvements gymniques.Twirling
25%
Nom MasculinPratiqué avec un véhicule sportif à deux ou quatre roues, au moteur d'une puissance de plusieurs centaines ou même plusieurs milliers de chevaux, utilisant un carburant amélioré.Dragster
16%

Distribution des résultats

Percentile par nombre de réponses

% des personnes avec chaque résultat

Votre développement - résultats

Vous n’avez pas pris ce quiz